000
00276nam a2200085Ia 4500
245
0
_a
Ricky, Karim and Spit Nolan : adventure short stories : access version
100
_a
MITCHELL, Pratima Harlow, 2003
_9
78741
942
_c
BK
008
210817s9999 xx 000 0 und d
999
_c
272647
_d
272646